Ciudades de la provincia de Santa Fe - Estadísticas

Estadísticas generales
  • Esta prueba ha sido intentada 94 veces
  • La puntuación promedio es 28 de 59
Estadísticas de respuestas
Departamentos Ciudades % Correcto
La Capital Santa Fe
98%
Castellanos Rafaela
96%
Rosario Rosario
94%
San Lorenzo San Lorenzo
94%
Vera Vera
82%
9 de Julio Tostado
80%
San Cristobal San Cristóbal
78%
La Capital Santo Tome
78%
General Obligado Reconquista
76%
General Lopez Venado Tuerto
76%
San Javier San Javier
75%
San Justo San Justo
75%
Las Colonias Esperanza
73%
Constitucion Villa Constitucion
69%
General Obligado Avellaneda
61%
San Jeronimo Coronda
61%
Caseros Casilda
59%
La Capital Sauce Viejo
59%
San Cristobal Ceres
57%
Rosario Funes
57%
Castellanos Sunchales
57%
Las Colonias San Carlos Centro
55%
La Capital Recreo
49%
General López Firmat
45%
San Jeronimo Gálvez
45%
Rosario Granadero Baigorria
45%
La Capital San José del Rincón
45%
Iriondo Cañada de Gómez
43%
Belgrano Las Rosas
43%
Rosario Villa Gobernador Gálvez
41%
Belgrano Las Parejas
39%
Rosario Arroyo Seco
37%
San Lorenzo Carcarañá
37%
San Lorenzo Roldán
37%
San Martin San Jorge
37%
San Martin El Trébol
35%
La Capital Laguna Paiva
35%
San Javier Romang
35%
General Lopez Rufino
35%
San Martin Sastre
35%
Belgrano Armstrong
33%
Las Colonias San Jerónimo Norte
33%
General Obligado Villa Ocampo
33%
San Lorenzo Capitán Bermúdez
31%
Rosario Pérez
31%
Vera Calchaquí
29%
General Obligado Florencia
29%
San Cristobal San Guillermo
29%
San Lorenzo Fray Luis Beltrán
27%
San Cristobal Suardi
27%
General Obligado Malabrigo
25%
Iriondo Totoras
25%
Castellanos Frontera
24%
General Obligado Las Toscas
24%
General Lopez Villa Cañás
24%
La Capital Monte Vera
22%
Rosario Pueblo Esther
22%
San Lorenzo Puerto General San Martín
22%
San Jeronimo San Genaro
22%
No se encontraron pruebas coincidentes
Distribución de puntuación
Porcentaje de gente con cada puntuación
Porcentaje por número respondido
Historial de tus puntuaciones
No has intentado esta prueba.